| 000 | 00900cam a2200253 a 4500 | ||
|---|---|---|---|
| 999 |
_c330167 _d330167 |
||
| 001 | 4980967 | ||
| 003 | NUST | ||
| 005 | 20170612115101.0 | ||
| 008 | 980706s1999 nju b 001 0 eng | ||
| 010 | _a 98034062 | ||
| 020 | _a9788177585827 | ||
| 040 |
_aDLC _cDLC _dDLC |
||
| 050 | 0 | 0 |
_aQH323.5 _b.Z37 1999 |
| 082 | 0 | 0 |
_a570.15 ZAR _221 |
| 100 | 1 |
_aZar, Jerrold H., _d1941- _92444 |
|
| 245 | 1 | 0 |
_aBiostatistical analysis / _cJerrold H. Zar. |
| 250 | _a4th ed. | ||
| 260 |
_aUpper Saddle River, N.J. : _bPrentice Hall, _cc1999. |
||
| 300 |
_a1 v. (various pagings) : _bill. ; _c25 cm. |
||
| 500 | _aP.B | ||
| 504 | _aIncludes bibliographical references and index. | ||
| 650 | 0 |
_aBiometry. _92442 |
|
| 906 |
_a7 _bcbc _corignew _d1 _eocip _f19 _gy-gencatlg |
||
| 942 |
_2ddc _cBK _k570.15 ZAR |
||